000
00274nam a2200097Ia 4500
008
240331s9999 xx 000 0 und d
082
_b
THI
100
_a
Cenwor. ed
245
0
_a
Third national convention on women's studies :
_b
women history and social change,women
942
_c
L
999
_c
5515
_d
5515